Un asunto de responsabilidad / (Registro nro. 14512)

Detalles MARC
000 -LIDER
fixed length control field 01053nam a22002897a 4500
003 - IDENTIFICACDOR DE NÚMERO DE CONTROL
control field DO-SdBNP
005 - DATE AND TIME OF LATEST TRANSACTION
control field 20231212082117.0
008 - ELEMENTOS DE LONGITUD FIJA
fixed length control field 210426b2018 dr 00| 0 spa d
020 ## - ISBN
International Standard Book Number 9789945176124
040 ## - FUENTE DE CATALOGACIÓN
Agencia que crea de manera original el registro BPMSU
Idioma de catalogación spa
Agencia que realiza la transcripción BPMSU
082 #4 - NÚMERO DE CLASIFICACIÓN DECIMAL DE DEWEY
Classification number RD863.5
Item number V156u 2018
Edition number 22
092 ## - LOCALLY ASSIGNED DEWEY DECIMAL CALL NUMBER
Número de clasificación
100 1# - ASIENTO PRINCIPAL -- NOMBRE PERSONAL
Nombre personal Valentín, Bilda
Fechas asociadas con el nombre
245 10 - MENCIÓN DE TITULO
Título Un asunto de responsabilidad /
Mención de responsabilidad Bilda Valentín ; ilustración : Eduard Severino ; investigación: Laura V. Sánchez-Vincitore ; coordinación pedagógica: Cledenin Veras
260 ## - PUBLICACIÓN, DISTRIBUCIÓN, ETC. (PIE DE IMPRENTA)
Lugar de publicación, distribución, etc Santo Domingo:
Nombre del editor, distribuidor, etc. Ediciones SM ;
-- Universidad Iberoamericana (UNIBE),
Fecha de publicación, distribución, etc 2018
300 ## - DESCRIPCIÓN FÍSICA
Extensión 39 p. :
Otros detalles físicos ilus. ;
Dimensiones 15 cm
490 0# - MENCIÓN DE SERIES
Materiales especificados La Liga de la Esperanza,
Volume/sequential designation 8
500 ## - NOTA GENERAL
Materiales especificados
590 ## - NOTA LOCAL
Texto de la nota local Inventariado, 2023/VM
650 #4 - ENCABEZAMIENTO DE MATERIA--TEMÁTICO
Término temático o nombre geográfico como elemento de entrada Cuentos juveniles dominicanos
650 #4 - ENCABEZAMIENTO DE MATERIA--TEMÁTICO
Término temático o nombre geográfico como elemento de entrada Literatura juvenil dominicana
700 1# - ASIENTO SECUNDARIO -- NOMBRE PERSONAL
Materiales especificados Severino, Eduard.
Mención de responsabilidad ilustrador
700 1# - ASIENTO SECUNDARIO -- NOMBRE PERSONAL
Materiales especificados Sánchez-Vincitore, Laura V.
Mención de responsabilidad investigador
700 1# - ASIENTO SECUNDARIO -- NOMBRE PERSONAL
Nombre personal Veras, Cledenin
Mención de responsabilidad coordinador pedagógico
910 ## - VALIDACIÓN
Validación VMateo V. Control de calidad. BPMSU
942 ## - ADDED ENTRY ELEMENTS (KOHA)
Source of classification or shelving scheme Dewey Decimal Classification
Koha item type Libros
Existencias
Withdrawn status Lost status Source of classification or shelving scheme Damaged status Not for loan Home library Current library Date acquired Total Checkouts Full call number Barcode Date last seen Price effective from Koha item type Collection code Copy number
    Dewey Decimal Classification     Biblioteca Pública Metropolitana Salomé Ureña Biblioteca Pública Metropolitana Salomé Ureña 12/12/2023   BPMSU CDI RD863.5 V156u 2018 BPMSU23120032 12/12/2023 12/12/2023 Libros    
    Dewey Decimal Classification     Biblioteca Pública Metropolitana Salomé Ureña Biblioteca Pública Metropolitana Salomé Ureña 12/12/2023   BPMSU CDI RD863.5 V156u 2018 BPMSU23120033 12/12/2023 12/12/2023 Libros Colección Infantil Dominicana e.2
    Dewey Decimal Classification     Biblioteca Pública Metropolitana Salomé Ureña Biblioteca Pública Metropolitana Salomé Ureña 12/12/2023   BPMSU CDI RD863.5 V156u 2018 BPMSU23120034 12/12/2023 12/12/2023 Libros Colección Infantil Dominicana e.3